Pensar, hablar, representar: el emerger del lenguaje

Gespeichert in:
Bibliographische Detailangaben
Hauptverfasser: Golse, Bernard (VerfasserIn), Bursztejn, Claude (VerfasserIn)
Format: Buch
Sprache:Spanisch
Veröffentlicht: Barcelona Masson 1992
Schriftenreihe:Colección Medicina y Psicoterapia
Schlagworte:
Tags: Tag hinzufügen
Keine Tags, Fügen Sie den ersten Tag hinzu!

MARC

LEADER 00000nam a2200000 a 4500
001 UCP0190
003 CL-VaPUC
008 990305e19920000SP |||||||||||||||||spa|d
082 0 4 |a 155.413  |b GOL  |2 21 
100 |a Golse, Bernard  |e author  |9 425175 
700 0 |a Bursztejn, Claude  |e author  |9 425176 
245 1 0 |a Pensar, hablar, representar: el emerger del lenguaje 
300 |a 212 p 
942 |c BK 
945 |d 19990305 00:00:00  |a aarredon 
260 |a Barcelona  |b Masson  |c 1992 
650 0 |a Psicología del niño  |9 307305 
650 0 |a Lenguaje infantil   |9 314705 
650 0 |a Comunicación oral  |9 307769 
650 0 |a Psicolingüística   |9 283371 
583 |a last modification  |c 20130107 12:03:04  |k Rodrigo Vera 
490 0 |a Colección Medicina y Psicoterapia 
999 |c 279031  |d 279029 
952 |0 0  |1 0  |4 0  |6 155_413000000000000_GOL_1992  |7 0  |8 A  |9 317926  |a BIBEDU  |b BIBEDU  |d 2019-11-20  |i 3494497  |o 155.413 GOL 1992  |p 3494497  |r 2019-11-20  |w 2019-11-20  |y BK  |k BME